AH International Schools' Libraries

Busy People Doctor (Record no. 47810)

MARC details
000 -LEADER
fixed length control field 00373nam a22001217a 4500
008 - FIXED-LENGTH DATA ELEMENTS--GENERAL INFORMATION
fixed length control field 241107b |||||||| |||| 00| 0 eng d
020 ## - INTERNATIONAL STANDARD BOOK NUMBER
International Standard Book Number 9781784931520
100 ## - MAIN ENTRY--PERSONAL NAME
Personal name Lucy M. George
9 (RLIN) 85618
245 ## - TITLE STATEMENT
Title Busy People Doctor
Statement of responsibility, etc | Lucy M. George (Author), AndoTwin (Illustrator)
260 ## - PUBLICATION, DISTRIBUTION, ETC. (IMPRINT)
Place of publication, distribution, etc United Kingdom
Name of publisher, distributor, etc Zeta Jones
Date of publication, distribution, etc 2015
300 ## - PHYSICAL DESCRIPTION
Extent 24 p
Other physical details col. ill.
Dimensions 34 cm.
942 ## - ADDED ENTRY ELEMENTS (KOHA)
Source of classification or shelving scheme
Holdings
Withdrawn status Lost status Source of classification or shelving scheme Damaged status Not for loan Collection code Home library Current library Shelving location Date acquired Total Checkouts Full call number Barcode Checked out Date last seen Date checked out Price effective from Koha item type
          Siem Riep Asian Hope Siem Reap Asian Hope Siem Reap Easy Reading 11/07/2024 1 E GEO 207346 04/09/2026 04/09/2026 04/09/2026 11/07/2024 Book

For any Logos Library related questions please contact Miss Art at swongnarasuk@asianhope.org.

For any Asian Hope Library related questions please contact Miss Raza at graza@asianhope.org.

Click here to explore our ebooks!

Powered by Koha